00603nam a2200181Ia 4500008004100000082001600041100001600057245003300073250000800106260002500114300001200139500002400151650001600175942000700191952010300198952010300301999001700404230524s9999 xx 000 0 und d a516.33bCHO aB.Choudhury 0aElements of Complex Analysis a2ND aNEW DELHIbNAIc2001 aXII;329 aQuantity Number: 2 aMathematics cBK 00104070aTATCLbTATCLcGENd2023-05-24l0o516.33 CHOp8995r2023-05-24w2023-05-24yBKzBE1101 00104070aTATCLbTATCLcGENd2023-05-24l0o516.33 CHOp8996r2023-05-24w2023-05-24yBKzBE1101 c33179d33179